00875nam a22002297a 4500999001500000001000500015003000900020005001700029008004100046020001500087040003800102082001900140100002300159245013700182260005300319300004100372650006100413700002100474700002100495942001200516952011700528 c3998d39983364BD-DhUAP20200316120620.0200316s1997 enka|||| |||| 00| 0 eng d a0521628628 aBD-DhUAPbEngcBD-DhUAPdBD-DhUAP 223a428.24 RIC aRichards, Jack C.  aNew interchange : bEnglish for international communication : student's book 2 /cJack C. Richards, Jonathan Hull and Susan Proctor. aCambridge :bCambridge university press,cc1997. a105 pages :billustrations ;c28 cm. aEnglish language vStudy and teachingxForeign speakers. aHull, Jonathan.  aProctor, Susan.  2ddccBK 00102ddc4070aUAPCLbUAPCLcGeneral Stacksd2020-03-16o428.24 RICp3010003364r2020-03-16t1w2020-03-16yBK